000 00901cam a22002895a 4500
001 97950
003 OSt
005 20140310182043.0
008 960119m19939999kyu 000 0 eng
010 _a 96104493
020 _a1884662025
035 _a(DLC) 96104493
040 _aDLC
_cDLC
_dDLC
050 0 0 _aBV 772
_b.H62 1993
082 _aHS 248.6
_b.B81 19
100 1 _aHoward-Browne, Rodney M.
_911340
245 1 0 _aThoughts on stewardship /
_cby Rodney M. Howard-Browne.
260 _aFlorida :
_bR.M.I. Publications,
_cc1993.
300 _a76 p. ;
_c22 cm.
541 _j1
562 _eFor circulation. One copy available in the collection.
650 0 _aChristian stewardship.
_910804
650 0 _aChristian giving.
_911341
906 _a7
_bcbc
_corignew
_d3
_encip
_f19
_gy-gencatlg
942 _2lcc
_cHS
_kHS
999 _c8820
_d8820